Morse - Ubite - Statistiques

Statistiques générales
  • Ce quiz a été pris 401 fois
  • Le résultat moyen est 5 sur 11
Answers on the Grid
Answers color-coded by a green-red scale on the quiz's grid according to % correct below.
▄▄▄
▄ ▄ ▄ ▄
▄ ▄ ▄ ▄ ▄ ▄ ▄
▄▄▄▄▄▄▄
▄ ▄▄▄ ▄
▄ ▄
▄ ▄▄ ▄▄▄ ▄▄▄▄
▄▄▄ ▄
▄ ▄ ▄▄▄
▄ ▄▄▄ ▄ ▄▄▄ ▄
▄▄▄ ▄▄▄
▄▄▄ ▄▄▄ ▄▄▄ ▄▄▄
▄▄▄ ▄ ▄ ▄
▄▄▄ ▄ ▄ ▄▄▄
▄ ▄▄▄ ▄ ▄▄▄
▄ ▄▄▄ ▄ ▄
▄▄▄ ▄▄▄ ▄▄▄ ▄
 
Statistiques - réponses
Réponse % Correct
E
67%
I ▄ ▄
65%
R ▄ ▄▄▄ ▄
58%
N ▄▄▄ ▄
55%
T ▄▄▄
51%
M ▄▄▄ ▄▄▄
49%
U ▄ ▄ ▄▄▄
46%
H ▄ ▄ ▄ ▄
36%
L ▄ ▄▄▄ ▄ ▄
35%
B ▄▄▄ ▄ ▄ ▄
31%
X ▄▄▄ ▄ ▄ ▄▄▄
25%
Aucun quiz correspondant
Distribution des résultats
% des personnes avec chaque résultat
Percentile par nombre de réponses
Votre historique - résultats
Vous n’avez pas pris ce quiz